Mikroekonomická analýza nákladov podniku diplomová práca

Enregistré dans:
Détails bibliographiques
Auteur principal: Jenisová, Zuzana
Collectivité auteur: Ekonomická univerzita v Bratislave. Fakulta podnikového manažmentu
Autres auteurs: Mikušová, Nora, 1978-
Format: Livre
Langue:slovaque
Publié: Bratislava 2010
Tags: Ajouter un tag
Pas de tags, Soyez le premier à ajouter un tag!

MARC

LEADER 00000nam a2200000 4500
001 0122152
005 20240318122722.2
041 0 |a slo 
044 |a SK 
245 1 0 |a Mikroekonomická analýza nákladov podniku  |b diplomová práca  |c Zuzana Jenisová ; škol. Nora Mikušová 
264 1 |a Bratislava  |c 2010 
300 |a 60 s. 
100 1 |a Jenisová, Zuzana 
700 1 |a Mikušová, Nora, 1978- 
710 2 |a Ekonomická univerzita v Bratislave. Fakulta podnikového manažmentu